Caribou : rangifer tarandus caribou.

Bibliographic Details
Corporate Author: U.S. Fish and Wildlife Service
Format: Government Document Book
Language:English
Published: [Washington, D.C.] : U.S. Fish & Wildlife Service, [1998]
Subjects:

MARC

Tag First Indicator Second Indicator Subfields
LEADER 00000cam a2200000 a 4500
001 in00000002661
005 20151007050746.0
008 990219s1998 dcua f000 0 eng d
035 |a (OCoLC)40827987 
035 |9 AJD6586AM 
040 |d GPO  |d DLC  |d MvI  |d UtOrBLW 
049 |a UDOC 
074 |a 0612 
086 0 |a I 49.2:C 19/2 
245 0 0 |a Caribou :  |b rangifer tarandus caribou. 
246 3 |a Rangifer tarandus caribou 
264 1 |a [Washington, D.C.] :  |b U.S. Fish & Wildlife Service,  |c [1998] 
300 |a 2 unnumbered pages :  |b illustrations ;  |c 28 cm. 
336 |a text  |b txt  |2 rdacontent 
337 |a unmediated  |b n  |2 rdamedia 
338 |a volume  |b nc  |2 rdacarrier 
500 |a Caption title. 
500 |a Shipping list number: 99-0087-P. 
500 |a "August 1998." 
650 0 |a Caribou. 
710 2 |a U.S. Fish and Wildlife Service. 
999 |a MARS 
999 f f |s 758c73ac-e3da-3bd7-95f0-ba6a4e77aa88  |i 327fc152-e847-3e71-81b4-16dff71ad1a2  |t 0 
952 f f |p normal  |a Texas A&M University  |b College Station  |c Sterling C. Evans Library  |d Evans: US Documents (Annex 5th floor)  |t 0  |e I 49.2:C 19/2  |h Superintendent of Documents classification  |i unmediated -- volume  |m A14824435355 
998 f f |a I 49.2:C 19/2  |t 0  |l Evans: US Documents (Annex 5th floor)